By the pricking of my thumbs (Record no. 17547)
[ view plain ]
| 000 -LEADER | |
|---|---|
| fixed length control field | 00260nam a22001097a 4500 |
| 008 - FIXED-LENGTH DATA ELEMENTS--GENERAL INFORMATION | |
| fixed length control field | 131217t xxu||||| |||| 00| 0 eng d |
| 020 ## - INTERNATIONAL STANDARD BOOK NUMBER | |
| International Standard Book Number | 0-00-616570-2 |
| 100 ## - MAIN ENTRY--PERSONAL NAME | |
| Personal name | Agatha Christie |
| 9 (RLIN) | 425 |
| 245 ## - TITLE STATEMENT | |
| Title | By the pricking of my thumbs |
| 300 ## - PHYSICAL DESCRIPTION | |
| Extent | 340 |
| 942 ## - ADDED ENTRY ELEMENTS (KOHA) | |
| Source of classification or shelving scheme | |
| Koha item type | Book |
| Withdrawn status | Lost status | Source of classification or shelving scheme | Damaged status | Not for loan | Permanent Location | Current Location | Date acquired | Total Checkouts | Full call number | Barcode | Date last seen | Price effective from | Koha item type |
|---|---|---|---|---|---|---|---|---|---|---|---|---|---|
| School of Civil and Environmental Engineering (SCEE) | School of Civil and Environmental Engineering (SCEE) | 01/22/2020 | 823.912 CHR | NIT-9340 | 01/22/2020 | 01/22/2020 | Book |
